000 00764nam a2200241Ia 4500
003 OSt
005 20220925221656.0
006 a|||||r|||| 00| 0
007 ta
008 220923b |||||||| |||| 00| 0 eng d
020 _a9780262529051
_c2163.84
037 _b50022, 22/04/2017, Segment Book Distributors
_cGeneral Book
040 _aRTL
_cRTL
_beng
041 _2eng
_aeng
082 _aX:51-8, Q6
100 _aRAVI R
_9286904
245 0 _aCustomer- centric marketing
_b A pragmatic framework
260 _aLondon
_bMIT Press
_c2016
300 _aix,136p
_ccm.
700 _a SUN Baohong
_9286905
942 _hX:51-8, Q6
_cGB
_2CC
999 _c575050
_d575050